BIBLIOTHÈQUE DE LA MAISON DU MEXIQUE

Logo 1 Logo 2

Mujer campesina y tecnología alternativa en el Salvador, México y Nicaragua (notice nᵒ 12055)

détails MARC
000 -Sello discográfico
campo de control de longitud fija 01032nam a2200325 4500
005 - Identificación de versión
campo de control 20250925141629.0
010 ## - Número Estándar Internacional de Libros (ISBN)
Número (ISBN) 968-476-316-6
035 ## - Otros números de control del sistema
Número de control del sistema 27423
099 ## - fechas locales
Tipo de ítem Koha LIBRO
100 ## - Datos de procesamiento general
Datos de procesamiento general 20010102d1999 m y1spay5003 ba
105 ## - Campo de datos codificados: Material textual, monográfico
Datos codificados de monografía y 001zy
200 1# - Título y mención de responsabilidad
Título propio Mujer campesina y tecnología alternativa en el Salvador, México y Nicaragua
Designación general del material texto impreso
Primer mención de responsabilidad Francisco R. Dávila, Ana V. Stern
205 ## - Declaración de edición
Declaración de edición 1a ed
210 ## - Publicación, distribución, etc.
Lugar de publicación, distribución, etc. México
Nombre del editor, distribuidor, etc. Distribuciones Fontamara
Fecha de publicación, distribución, etc. 1999
215 ## - Descripción física
Designación de material específico y extensión del ítem 142 p
Dimensiones 21 cm
300 ## - Notas generales
Texto de la nota Dedicado por el autor
345 ## - Nota de información de adquisición
Fuente de adquisición/dirección de la suscripción [OBSOLETO] Donación Francisco Rafael Dávila Aldás
410 #1 - Series
Título Colección Fontamara
Número de volumen 181
606 ## - Término temático usado como materia
Elemento de entrada Mujeres en el desarrollo rural
Número Koha 18684
660 ## - Código de área geográfica
Código MX
700 ## - Nombre personal - Responsabilidad primaria
Elemento de entrada Dávila Aldás
Parte del nombre distinta del elemento de entrada Francisco Rafael
Número Koha 18685
701 ## - Nombre personal - Responsabilidad alternativa
Elemento de entrada Stern Leuchter
Parte del nombre distinta del elemento de entrada Ana Verónica
Número Koha 18686
801 #0 - Fuente de origen
Agencia cm
900 ## -
-- 1/860
900 ## -
-- 7100112642\020101
942 ## - ELEMENTOS DE ENTRADA SECUNDARIOS (KOHA)
Tipo de ítem Koha Livre
996 ## -
-- MEX
-- 751145101
-- MMAG
-- 007775
-- 301.35 D259MU
-- 20230327LIV
Exemplaires
Estatus retirado Estado de daño Estado de pérdida Fecha de adquisición Biblioteca de origen Biblioteca actual Ubicación en estantería Código de barras Precio de reemplazo Signatura topográfica completa No para préstamo Tipo de ítem Koha Nota pública Nota no pública
      05/08/2025 Casa México Paris Casa México Paris   007775 05/08/2025 301.35 D259MU   Livre 20230327LIV 751145101